| 000 | 00527nam a2200217 454500 | ||
|---|---|---|---|
| 001 | 051503 | ||
| 003 | BD-ChCU | ||
| 008 | Eng | ||
| 020 | _a0747018065 | ||
| 040 |
_aDLC _cDLC _dBD-ChCU |
||
| 082 | 0 | 0 | _a531.38/K83p |
| 100 | 1 |
_aKoopowitg, Harold _bKaye, Hilary |
|
| 245 | 1 | 0 |
_aPlant extinction : a global crisis _bx |
| 250 | _a2 ed. | ||
| 260 |
_aLondon _bChristopher Helm _c1990 |
||
| 300 | _ax,208p | ||
| 504 | _aIncludes | ||
| 650 | 0 |
_a1. Plants, fossil _bBotany |
|
| 700 | 1 | _aKnees, Sabina | |
| 942 |
_2ddc _cBK |
||
| 999 |
_c51503 _d51503 |
||